00313nam a22000977a 4500008004100000082001700041245011000058260002900168300001200197440000600209230612b xxu||||| |||| 00| 0 eng d a354.676bGOK a1997/98 Estimates of Recurrent Expenditure of the Government of Kenya for the Year Ending 30th June, 1998 aNairobi,KenyabGOKc1997 aIX,899p vI